parole rap fr 1 - Statistiques

Statistiques générales
  • Ce quiz a été pris 509 fois
  • Le résultat moyen est 8 sur 15
Statistiques - réponses
Question Réponse % Correct
dans le son de zola papers que vient a la suite de: Violet, la couleur du papers Le commerçant n'a pas la monnaie Moula, moula, couleur Lakers N'en mets pas trop, tu s'ras sonn
80%
dans le son de tiakola en feat avec gazo que vient a la suite de: J'suis dans Paname (Dans Paname), y a pas d'distraction (youh) Fais pas d'histoires, sors ici à dix heures
77%
dans le recent son de booba dolce camara que vient a la suite de : Pour combattre l'empire, il m'faut R2-D2 France rime avec chance, j'crois en aucun des deux
77%
dans le son de koba lad en feat avec niska que vient a la suite de: J'suis à Phuket, au bord d'la plage Elle m'masse le dos, elle m'masse les pieds J'ai la Rolex, l'Audemars Piguet sur mon bras droit, sur mon bras gauche
64%
dans le morceau de plk problèmes que vient a la suite de: Dans les endroits sombres, j'ai fait passeur et buteur Sur l'terrain jusqu'à pas d'heure, j's'rai tout seul dans ma tombe
56%
dans le son de jul tchikita que vient a la suite de: Elle a passé toute la nuit à m'peloter Elle est pas dans l'même del que les filles d'à côté
55%
dans le son de niska Matuidi Charo que vient a la suite: Pied d'biche, portes blindées J'ai encore la dalle, j'suis pas gavé Charbonne toujours les mains gantées x2
53%
dans la chanson de ninho la vie qu'on mène que vient a la suite de :Pas très loin de Malia, elle est chargée sous le maillot Le nez dans mes affaires, bébé, m'attends pas pour le dîner
53%
dans le son de sch pret a partir en feat avec ninho que vient a la suite de :J'ai traîné la moitié d'ma vie (la moitié d'ma vie, j'ai traîné) J'leur ai tout volé pendant la nuit (pendant la nuit, tout volé)
52%
dans le son de damso Macarena que vient a la suite de: T'es déjà trentenaire, on s'envoie en l'air mais j'ai qu'la vingtaine, donc j'ai qu'ça à faire Me parle pas de mariage j'te Fais perdre ton temps mais qu'est-ce que c'est bon quand j'pelote tes implants
45%
dans le son de maes billet vert que vient a la suite de: J'avais zéro dans les poches J'ai écouté l'ange de gauche J'ai ravitaillé tout les gueush
44%
dans la musique de orelsan note pour trop tard : La plupart des conseils d'adultes sont des clichés d'merde Parce qu'ils ont pas compris l'jeu, mais ils suivent les règles
39%
dans le son de freeze corleone shavkat que vient a la suite de : La seule chose qui m'importe c'qu'y a dans mes poches (cash) Tu sais comme qui on arrive dans les Porsche (sku)
36%
dans le son de kaaris boyz n the hood que vient a la suite de : Elle aime ma dégaine, avant on portait des chaînes Peu importe si le moteur est mort tant que la route est pavée d'or (Kaaris)
25%
dans le morceau deux frères de pnl que vient a la suite de :Rien à foutre d'ces catins des bois, d'ce rap de merde ou d'qui t'aura validé Même plus besoin d'visser d'la qualité d'après vé-Her
24%
Aucun quiz correspondant
Distribution des résultats
% des personnes avec chaque résultat
Percentile par nombre de réponses
Votre historique - résultats
Vous n’avez pas pris ce quiz